Loading...
| Current Events | 1 | 20.00 | 100% | 100% | 0% |
| Fine Arts - Auditory Fine Arts | 6 | 6.67 | 67% | 0% | 0% |
| Fine Arts - Other Fine Arts | 8 | 11.25 | 88% | 13% | 13% |
| Fine Arts - Visual Fine Arts | 5 | 12.00 | 80% | 40% | 0% |
| Geography | 2 | 20.00 | 100% | 100% | 0% |
| History - American History | 3 | 20.00 | 100% | 100% | 0% |
| History - European History | 4 | 17.50 | 100% | 75% | 0% |
| History - Other History | 3 | 20.00 | 100% | 33% | 67% |
| History - World History | 3 | 20.00 | 100% | 67% | 33% |
| Literature - American Literature | 4 | 7.50 | 75% | 0% | 0% |
| Literature - British Literature | 6 | 10.00 | 83% | 17% | 0% |
| Literature - European Literature | 5 | 14.00 | 100% | 40% | 0% |
| Literature - World Literature | 5 | 12.00 | 100% | 20% | 0% |
| Mythology | 4 | 17.50 | 100% | 50% | 25% |
| Other Academic | 1 | 10.00 | 100% | 0% | 0% |
| Philosophy | 5 | 14.00 | 100% | 20% | 20% |
| Pop Culture | 2 | 10.00 | 100% | 0% | 0% |
| Religion | 5 | 16.00 | 100% | 40% | 20% |
| Science - Biology | 2 | 15.00 | 100% | 50% | 0% |
| Science - Chemistry | 6 | 13.33 | 83% | 33% | 17% |
| Science - Other Science | 3 | 16.67 | 100% | 33% | 33% |
| Science - Physics | 4 | 12.50 | 100% | 0% | 25% |
| Social Science | 4 | 7.50 | 75% | 0% | 0% |